African study monographs (Record no. 33807)
[ view plain ]
| 000 -LEADER | |
|---|---|
| fixed length control field | 00554nas a2200157 a 4500 |
| 008 - FIXED-LENGTH DATA ELEMENTS--GENERAL INFORMATION | |
| fixed length control field | 101201c20109999||||||||||||||||| || u |
| 050 ## - LIBRARY OF CONGRESS CALL NUMBER | |
| Classification number | KYO-UNI(05)ASM |
| 110 ## - MAIN ENTRY--CORPORATE NAME | |
| Corporate name or jurisdiction name as entry element | The Center for African Area Studies, Kyoto University |
| 245 10 - TITLE STATEMENT | |
| Title | African study monographs |
| 260 ## - PUBLICATION, DISTRIBUTION, ETC. | |
| Place of publication, distribution, etc. | Kyoto |
| Name of publisher, distributor, etc. | Kyoto University |
| Date of publication, distribution, etc. | 2010 |
| 350 ## - PRICE (NR) (BK AM CF MU VM SE) [OBSOLETE] | |
| Price | 0.00 |
| 362 1# - DATES OF PUBLICATION AND/OR SEQUENTIAL DESIGNATION | |
| Dates of publication and/or sequential designation | <p>Vol. 31, No. 2, 2010; Vol. 31, No. 3, 2010; Vol. 32, No. 2, 2011; Vol. 32, No. 3, 2011</p> |
| 500 ## - GENERAL NOTE | |
| General note | Volume 31 |
| 650 ## - SUBJECT ADDED ENTRY--TOPICAL TERM | |
| Topical term or geographic name entry element | ECONOMIC DEVELOPMENT--AFRICA--CASE STUDIES |
| 650 ## - SUBJECT ADDED ENTRY--TOPICAL TERM | |
| Topical term or geographic name entry element | AFRICA--SOCIAL CONDITIONS |
| Withdrawn status | Lost status | Source of classification or shelving scheme | Damaged status | Not for loan | Home library | Current library | Date acquired | Total Checkouts | Full call number | Date last seen | Price effective from | Koha item type |
|---|---|---|---|---|---|---|---|---|---|---|---|---|
| CBU-MAIN LIBRARY, KITWE. | CBU-MAIN LIBRARY, KITWE. | 11/30/2022 | KYO-UNI(05)ASM | 11/30/2022 | 11/30/2022 | MONOGRAPH |